Des Américains à Paris : Artistes et bohèmes dans la France de l'après-guerre (notice n° 1568172)

détails MARC
000 -LEADER
fixed length control field 01665cam a2200133 4500500
005 - DATE AND TIME OF LATEST TRANSACTION
control field 20251214004043.0
041 ## - LANGUAGE CODE
Language code of text/sound track or separate title fre
042 ## - AUTHENTICATION CODE
Authentication code dc
100 10 - MAIN ENTRY--PERSONAL NAME
Personal name Capdevila, Elisa
Relator term author
245 00 - TITLE STATEMENT
Title Des Américains à Paris : Artistes et bohèmes dans la France de l'après-guerre
260 ## - PUBLICATION, DISTRIBUTION, ETC.
Name of publisher, distributor, etc. Armand Colin,<br/>
Date of publication, distribution, etc. 2017.<br/>
520 ## - SUMMARY, ETC.
Summary, etc. Si l’entre-deux-guerres a vu de grandes figures américaines investir Paris (Hemingway, Miller…), l’adoption de la loi du GI Bill en 1944 a favorisé le retour des artistes américains dans la capitale. Cette loi permettait aux soldats démobilisés de la Seconde Guerre mondiale le financement de leurs études universitaires ou artistiques et professionnelles, comme le retrace le film de Vincente Minelli Un Américain à Paris avec Gene Kelly.L’auteur dépeint la vie de ces exilés volontaires en mêlant l’histoire culturelle, sociale et politique de ces artistes. Que sont-ils venus chercher en France&amp;#8239;? Qu’ont-ils trouvé&amp;#8239;? Comment ont-ils été accueillis&amp;#8239;? Quels ont été les connections, les contacts, les influences, les soutiens entre artistes américains et français&amp;#8239;? Paris a accueilli ces Américains aux motivations diverses, certains venant chercher la reconnaissance, d’autres la liberté politique ou culturelle, voire l’indépendance.Que reste-t-il de ces deux décennies d’échanges&amp;#8239;?L’auteur nous fait découvrir ce pan de notre histoire que nous avions un peu oubliée et qui s’était achevée sous les pavés de mai 68.
856 41 - ELECTRONIC LOCATION AND ACCESS
Uniform Resource Identifier <a href="https://shs.cairn.info/des-americains-a-paris--9782200614904?lang=fr&redirect-ssocas=7080">https://shs.cairn.info/des-americains-a-paris--9782200614904?lang=fr&redirect-ssocas=7080</a>

Pas d'exemplaire disponible.

PLUDOC

PLUDOC est la plateforme unique et centralisée de gestion des bibliothèques physiques et numériques de Guinée administré par le CEDUST. Elle est la plus grande base de données de ressources documentaires pour les Étudiants, Enseignants chercheurs et Chercheurs de Guinée.

Adresse

627 919 101/664 919 101

25 boulevard du commerce
Kaloum, Conakry, Guinée

Réseaux sociaux

Powered by Netsen Group @ 2025